000 00729cam a2200229 a 4500
001 2994727
005 20180130035709.0
008 930224s1993 nyua f 001 0 eng c
010 _a 93000707
020 _a0443088934
040 _aDNLM/DLC
_cDLC
_dDLC
041 _aeng
060 _aWO 245 A578 1993 Suppl.
080 _a617.96041 STO
082 0 0 _a617.96041 STO
_220
100 1 _a6
101 _aANE
245 1 0 _aHandbook for Anesthesia and co-existing disease /
_cRobert K. Stoelting, Stephen F. Dierdorf.
906 _a7
_bcbc
_corignew
_d1
_eocip
_f19
_gy-gencatlg
942 _2ddc
_cBK
999 _c41238
_d41238